[Event "Gatineau Automne-A"]
[Site "Gatineau"]
[Date "2016.11.01"]
[Round "2"]
[White "Arsenault, Michel"]
[Black "Raymond, Daniel"]
[Result "1/2-1/2"]
[WhiteElo "1881"]
[BlackElo "1727"]
[PlyCount "92"]
[EventDate "2016.10.25"]
[EventType "swiss"]
[EventRounds "5"]
[EventCountry "CAN"]
[SourceTitle "EXT 2022"]
[Source "ChessBase"]
[SourceDate "2021.10.06"]
[SourceVersion "1"]
[SourceVersionDate "2021.10.06"]
[SourceQuality "1"]

1. c4 e6 2. Nf3 d5 3. g3 c5 4. Bg2 Nc6 5. 0-0 Nf6 6. e3 dxc4 7. Qa4 Bd6 8. Qxc4 e5 9. a4 0-0 10. d3 Be6 11. Qc2 Na5 12. Nbd2 Rc8 13. Nc4 Nxc4 14. dxc4 Qe7 15. h3 Nd7 16. Nd2 b6 17. Ne4 Bb8 18. b3 f5 19. Nc3 Nf6 20. e4 f4 21. gxf4 exf4 22. Nd5 Nxd5 23. cxd5 f3 24. Bxf3 Qd6 25. Re1 Qh2+ 26. Kf1 Bxh3+ 27. Ke2 Rxf3 28. Kxf3 Rf8+ 29. Ke3 Bg4 30. Kd3 Rxf2 31. Qc4 Re2 32. d6+ Kh8 33. Be3 Bxd6 34. Qd5 Rb2 35. Rac1 Be2+ 36. Rxe2 Qxe2+ 37. Kc3 Qh2 38. Bf4 Rxb3+ 39. Kxb3 Qxf4 40. Rd1 Bf8 41. Qf5 Qe3+ 42. Kc2 Qe2+ 43. Rd2 Qc4+ 44. Kd1 Qb3+ 45. Ke2 Qc4+ 46. Kf2 Kg8 1/2-1/2

[Event "Outaouais-ch ferme"]
[Site "Gatineau"]
[Date "2016.05.17"]
[Round "6"]
[White "Desjardins, Michel"]
[Black "Arsenault, Michel"]
[Result "0-1"]
[WhiteElo "1909"]
[BlackElo "1851"]
[PlyCount "56"]
[EventDate "2016.04.12"]
[EventType "tourn"]
[EventRounds "7"]
[EventCountry "CAN"]
[SourceTitle "EXT 2022"]
[Source "ChessBase"]
[SourceDate "2021.10.06"]
[SourceVersion "1"]
[SourceVersionDate "2021.10.06"]
[SourceQuality "1"]

1. e4 c5 2. c3 Nf6 3. e5 Nd5 4. Nf3 e6 5. d4 cxd4 6. cxd4 d6 7. Bc4 Nb6 8. Bd3 Nc6 9. 0-0 dxe5 10. dxe5 Be7 11. Nc3 Nb4 12. Be4 a6 13. Qb3 Qc7 14. a3 Nc6 15. Be3 Nd7 16. Rac1 Ndxe5 17. Nxe5 Qxe5 18. Qb6 0-0 19. Bxc6 bxc6 20. Qxc6 Rb8 21. Rc2 Bb7 22. Qc4 Rbc8 23. Qd4 Qf5 24. Rfc1 Qg6 25. g3 Qh5 26. f4 Qf3 27. Qb6 Rfd8 28. Ne2 Qg2# 0-1

[Event "Outaouais-ch ferme"]
[Site "Gatineau"]
[Date "2016.04.26"]
[Round "3"]
[White "Gagnon, Fabien"]
[Black "Arsenault, Michel"]
[Result "1/2-1/2"]
[WhiteElo "2000"]
[BlackElo "1851"]
[PlyCount "53"]
[EventDate "2016.04.12"]
[EventType "tourn"]
[EventRounds "7"]
[EventCountry "CAN"]
[SourceTitle "EXT 2022"]
[Source "ChessBase"]
[SourceDate "2021.10.06"]
[SourceVersion "1"]
[SourceVersionDate "2021.10.06"]
[SourceQuality "1"]

1. c4 Nf6 2. g3 c6 3. b3 d5 4. Bb2 Qb6 5. d3 Ng4 6. e3 e5 7. Nf3 f6 8. h3 Nh6 9. Bg2 Bb4+ 10. Nbd2 Be6 11. g4 Nd7 12. 0-0 Nf7 13. a3 Be7 14. Rb1 0-0 15. d4 e4 16. c5 Qc7 17. Nh2 g6 18. f4 f5 19. Qe1 b5 20. g5 h6 21. h4 Kh7 22. Qe2 h5 23. Rfc1 a5 24. Nhf1 Nd8 25. Ng3 Bf7 26. Kh1 Ne6 27. Qf2 1/2-1/2

[Event "Gatineau Hull CC Etoiles"]
[Site "Gatineau"]
[Date "2015.12.30"]
[Round "5"]
[White "Arsenault, Michel"]
[Black "Akrib, Fouad"]
[Result "0-1"]
[WhiteElo "1862"]
[BlackElo "1884"]
[PlyCount "46"]
[EventDate "2015.11.24"]
[EventType "tourn"]
[EventRounds "5"]
[EventCountry "CAN"]
[SourceTitle "EXT 2022"]
[Source "ChessBase"]
[SourceDate "2021.10.06"]
[SourceVersion "1"]
[SourceVersionDate "2021.10.06"]
[SourceQuality "1"]

1. c4 e5 2. g3 Nc6 3. Bg2 g6 4. Nc3 Bg7 5. e3 d6 6. Nge2 h5 7. h3 h4 8. g4 f5 9. gxf5 Bxf5 10. d4 exd4 11. Bxc6+ bxc6 12. Nxd4 Bd7 13. Qf3 Ne7 14. Bd2 c5 15. Nde2 Rb8 16. 0-0-0 Nc6 17. Rhg1 Ne5 18. Qd5 Bf5 19. Ne4 Rxb2 20. Kxb2 Qb8+ 21. Ka3 Nxc4+ 22. Qxc4 Qb2+ 23. Ka4 Bd7+ 0-1

[Event "Gatineau Hull CC Etoiles"]
[Site "Gatineau"]
[Date "2015.12.15"]
[Round "4"]
[White "Desjardins, Michel"]
[Black "Arsenault, Michel"]
[Result "1/2-1/2"]
[WhiteElo "1942"]
[BlackElo "1862"]
[PlyCount "64"]
[EventDate "2015.11.24"]
[EventType "tourn"]
[EventRounds "5"]
[EventCountry "CAN"]
[SourceTitle "EXT 2022"]
[Source "ChessBase"]
[SourceDate "2021.10.06"]
[SourceVersion "1"]
[SourceVersionDate "2021.10.06"]
[SourceQuality "1"]

1. e4 c5 2. c3 d5 3. exd5 Qxd5 4. d4 cxd4 5. cxd4 Nf6 6. Nc3 Qa5 7. Nf3 Nc6 8. Bc4 e6 9. 0-0 Be7 10. Re1 0-0 11. Bf4 Bb4 12. Re3 Nd5 13. Nxd5 exd5 14. Bd3 Be7 15. h3 Qd8 16. a3 Bf6 17. Bc2 g6 18. Ne5 Bg7 19. Nxc6 bxc6 20. Ba4 Bb7 21. b4 a5 22. Be5 axb4 23. axb4 Qb6 24. Rb1 Ba6 25. Bb3 Bb5 26. Bxg7 Kxg7 27. Qd2 Rae8 28. Rbe1 Qd8 29. Qc3 Qd7 30. Qc5 Re6 31. Rxe6 fxe6 32. Ra1 Rf7 1/2-1/2

[Event "CEH-ch Releve I"]
[Site "Gatineau"]
[Date "2015.04.28"]
[Round "4"]
[White "Arsenault, Michel"]
[Black "Akrib, Fouad"]
[Result "0-1"]
[WhiteElo "1860"]
[BlackElo "1781"]
[PlyCount "100"]
[EventDate "2015.04.07"]
[EventType "tourn"]
[EventRounds "6"]
[EventCountry "CAN"]
[SourceTitle "EXT 2016"]
[Source "ChessBase"]
[SourceDate "2015.10.08"]
[SourceVersion "1"]
[SourceVersionDate "2015.10.08"]
[SourceQuality "1"]

1. c4 e5 2. g3 g6 3. Bg2 Bg7 4. Nc3 f5 5. e3 Nc6 6. Nge2 d6 7. d4 Nf6 8. 0-0 0-0 9. b3 Ne7 10. dxe5 dxe5 11. Ba3 Kf7 12. Nd5 Nfxd5 13. cxd5 Re8 14. Qd2 a5 15. Rad1 a4 16. d6 axb3 17. Qb4 cxd6 18. Rxd6 Qa5 19. Qxb3+ Kf8 20. Bb4 Qxa2 21. Qxa2 Rxa2 22. Nc3 Rb2 23. Bc5 Rc2 24. Bb4 e4 25. Nd5 Nxd5 26. Rxd5+ Kf7 27. Rfd1 Re6 28. Rc5 Rxc5 29. Bxc5 Rc6 30. Bd4 Rd6 31. Rc1 Rc6 32. Rxc6 bxc6 33. Ba7 Ba6 34. f3 Bd3 35. fxe4 Bxe4 36. Bf1 Ke6 37. Kf2 Kd5 38. Ke1 Bc3+ 39. Kf2 c5 40. Ba6 Be5 41. h3 Kc6 42. g4 fxg4 43. hxg4 Bd5 44. Ke2 Be6 45. Kf3 c4 46. Ke4 Bf6 47. Kf4 h6 48. Bd4 Bxd4 49. exd4 Kb6 50. Ke5 Kxa6 0-1

[Event "CEH-ch Releve I"]
[Site "Gatineau"]
[Date "2015.04.07"]
[Round "1"]
[White "Akrib, Fouad"]
[Black "Arsenault, Michel"]
[Result "0-1"]
[WhiteElo "1781"]
[BlackElo "1860"]
[PlyCount "94"]
[EventDate "2015.04.07"]
[EventType "tourn"]
[EventRounds "6"]
[EventCountry "CAN"]
[SourceTitle "EXT 2016"]
[Source "ChessBase"]
[SourceDate "2015.10.08"]
[SourceVersion "1"]
[SourceVersionDate "2015.10.08"]
[SourceQuality "1"]

1. e4 c5 2. Nf3 d6 3. d4 cxd4 4. Nxd4 Nf6 5. Nc3 e6 6. Be3 a6 7. f3 b5 8. a3 h5 9. Qd2 Bb7 10. 0-0-0 Nbd7 11. Qf2 Rc8 12. Nb3 Rxc3 13. bxc3 Qc7 14. Kb2 d5 15. Qg3 Qxg3 16. hxg3 dxe4 17. Be2 Nd5 18. Ba7 N7b6 19. Bxb6 Nxb6 20. Na5 Bd5 21. c4 bxc4 22. fxe4 Na4+ 23. Ka1 Bxe4 24. Bxc4 g6 25. Rde1 Bxc2 26. Nc6 Bg7+ 27. Ne5 0-0 28. g4 hxg4 29. Ka2 Rb8 30. Re3 Be4 31. Rb3 Rd8 32. Bd3 Bxe5 33. Bxe4 Rd2+ 34. Kb1 Nc3+ 35. Kc1 Nxe4 36. g3 Re2 37. Rh4 Nxg3 38. Rxg4 Nf5 39. Ra4 Nd4 40. Rb6 Bf4+ 41. Kb1 Be5 42. Raxa6 g5 43. Ra8+ Kg7 44. Rb7 g4 45. Rd7 g3 46. Rdd8 Nb3 47. Rg8+ Kf6 0-1

[Event "Gatineau Benevoles-A"]
[Site "Gatineau"]
[Date "2014.09.30"]
[Round "4"]
[White "Rose, Richard1111"]
[Black "Arsenault, Michel"]
[Result "1-0"]
[WhiteElo "1970"]
[BlackElo "1870"]
[PlyCount "59"]
[EventDate "2014.09.09"]
[EventType "swiss"]
[EventRounds "5"]
[EventCountry "CAN"]
[SourceTitle "EXT 2016"]
[Source "ChessBase"]
[SourceDate "2015.10.08"]
[SourceVersion "1"]
[SourceVersionDate "2015.10.08"]
[SourceQuality "1"]

1. e4 c5 2. Nf3 d6 3. d4 cxd4 4. Nxd4 Nf6 5. Nc3 e6 6. Bc4 Be7 7. 0-0 0-0 8. Bb3 Na6 9. Bg5 Nxe4 10. Bxe7 Nxc3 11. Bxd8 Nxd1 12. Be7 Re8 13. Bxd6 Nxb2 14. Ba3 e5 15. Nb5 Bd7 16. Nd6 Na4 17. Bxf7+ Kh8 18. Bxe8 Bxe8 19. Rfe1 Bg6 20. Rxe5 b6 21. Re7 N6c5 22. Rae1 h6 23. f4 Rd8 24. Nf7+ Bxf7 25. Rxf7 Rd2 26. f5 Nd7 27. Bc1 Rd6 28. Bf4 Rd5 29. Bxh6 Kg8 30. Rxg7+ 1-0

[Event "Gatineau Service des Loisirs"]
[Site "Gatineau"]
[Date "2012.10.30"]
[Round "3"]
[White "Arsenault, Michel"]
[Black "Lavergne, Daniel"]
[Result "1-0"]
[WhiteElo "1879"]
[BlackElo "1751"]
[PlyCount "75"]
[EventDate "2012.10.16"]
[EventType "swiss"]
[EventRounds "4"]
[EventCountry "CAN"]
[SourceTitle "EXT 2022"]
[Source "ChessBase"]
[SourceDate "2021.10.06"]
[SourceVersion "1"]
[SourceVersionDate "2021.10.06"]
[SourceQuality "1"]

1. c4 e5 2. g3 Nf6 3. Bg2 c6 4. d4 exd4 5. Qxd4 d5 6. cxd5 cxd5 7. Nf3 Nc6 8. Qa4 Bc5 9. 0-0 0-0 10. Bg5 h6 11. Bxf6 Qxf6 12. Nc3 Rd8 13. Ne1 Be6 14. Rc1 Bb6 15. Nd3 Rd7 16. Nf4 g5 17. Nfxd5 Qd8 18. Rfd1 Bd4 19. Rxd4 Nxd4 20. Qxd4 Bxd5 21. Nxd5 Rxd5 22. Qxd5 Qxd5 23. Bxd5 Re8 24. e4 Re7 25. Rc8+ Kg7 26. Rb8 b6 27. Rb7 Kf6 28. f4 Rxb7 29. Bxb7 a5 30. Kf2 b5 31. Ke3 b4 32. Kd4 h5 33. Kd5 h4 34. gxh4 gxf4 35. e5+ Kg6 36. Ke4 Kh5 37. Kxf4 Kxh4 38. Kf5 1-0

[Event "Gatineau CEH 31 Aniv-A"]
[Site "Gatineau"]
[Date "2010.10.12"]
[Round "5"]
[White "Groleau, Gilles"]
[Black "Arsenault, Michel"]
[Result "1-0"]
[WhiteElo "1942"]
[BlackElo "1789"]
[PlyCount "101"]
[EventDate "2010.09.14"]
[EventType "tourn"]
[EventRounds "5"]
[EventCountry "CAN"]
[SourceTitle "EXT 2011"]
[Source "ChessBase"]
[SourceDate "2010.11.26"]
[SourceVersion "1"]
[SourceVersionDate "2010.11.26"]
[SourceQuality "1"]

1. e4 c5 2. Nc3 Nc6 3. f4 g6 4. Nf3 Bg7 5. Bb5 Nd4 6. 0-0 e6 7. d3 a6 8. Ba4 Ne7 9. Nxd4 cxd4 10. Ne2 b5 11. Bb3 Bb7 12. Qe1 0-0 13. Qf2 Qb6 14. c3 a5 15. Nxd4 a4 16. Bd1 b4 17. Be3 bxc3 18. bxc3 Ba6 19. Nf5 Qd8 20. Bb6 Qe8 21. Nxg7 Kxg7 22. Qd4+ Kg8 23. Bxa4 Bxd3 24. Rfd1 Rxa4 25. Qxa4 Qb8 26. Rxd3 Qxb6+ 27. Qd4 Qb2 28. c4 Qe2 29. Rd2 Qg4 30. Rf1 Nc6 31. Qe3 Ra8 32. h3 Qh4 33. Rxd7 Rxa2 34. Rd2 Rxd2 35. Qxd2 e5 36. Qf2 Qxf2+ 37. Rxf2 exf4 38. Rxf4 Ne5 39. c5 Kf8 40. Rf2 Ke7 41. Rd2 h5 42. Kf1 Nc4 43. Rd4 Na5 44. Ke2 Nc6 45. Rd1 Na5 46. Ke3 Nc6 47. Rd6 Na5 48. Ra6 Nb3 49. Ra7+ Ke8 50. c6 Nc5 51. Ra8+ 1-0

[Event "Gatineau CEH 31 Aniv-A"]
[Site "Gatineau"]
[Date "2010.09.28"]
[Round "3"]
[White "Arsenault, Michel"]
[Black "Scantland, Patrick"]
[Result "1-0"]
[WhiteElo "1789"]
[BlackElo "1728"]
[PlyCount "49"]
[EventDate "2010.09.14"]
[EventType "tourn"]
[EventRounds "5"]
[EventCountry "CAN"]
[SourceTitle "EXT 2011"]
[Source "ChessBase"]
[SourceDate "2010.11.26"]
[SourceVersion "1"]
[SourceVersionDate "2010.11.26"]
[SourceQuality "1"]

1. c4 g6 2. g3 Bg7 3. Bg2 c5 4. e3 e6 5. Ne2 Ne7 6. Nbc3 d6 7. d4 cxd4 8. Nxd4 a6 9. 0-0 Nbc6 10. Nde2 0-0 11. Qd2 Qc7 12. b3 b6 13. Ba3 Rd8 14. Rac1 Bb7 15. Rfd1 Nf5 16. Nf4 Ne5 17. Ne4 Qd7 18. Nd3 d5 19. Nxe5 Bxe5 20. Bb2 Bg7 21. Bxg7 Kxg7 22. Qb2+ d4 23. g4 Bxe4 24. Bxe4 Nh4 25. Rxd4 1-0

[Event "Gatineau LEO-B"]
[Site "Gatineau"]
[Date "2010.05.11"]
[Round "5"]
[White "Danilov, Alexandre"]
[Black "Arsenault, Michel"]
[Result "1/2-1/2"]
[WhiteElo "1824"]
[BlackElo "1837"]
[PlyCount "98"]
[EventDate "2010.04.13"]
[EventType "swiss"]
[EventRounds "6"]
[EventCountry "CAN"]
[SourceTitle "EXT 2011"]
[Source "ChessBase"]
[SourceDate "2010.11.26"]
[SourceVersion "1"]
[SourceVersionDate "2010.11.26"]
[SourceQuality "1"]

1. c4 c5 2. Nc3 Nc6 3. g3 g6 4. Bg2 Bg7 5. e4 d6 6. Nf3 e5 7. 0-0 Nge7 8. d3 0-0 9. Nd5 h6 10. Be3 Be6 11. Qd2 Kh7 12. a3 Nd4 13. Bxd4 cxd4 14. Nh4 Bxd5 15. exd5 f5 16. f4 exf4 17. gxf4 Ng8 18. Qf2 Re8 19. Bf3 Qf6 20. Rae1 Qf7 21. Re6 Rxe6 22. dxe6 Qxe6 23. Re1 Qd7 24. Qg2 Ne7 25. Rxe7 Qxe7 26. Qxg6+ Kh8 27. Nxf5 Qf6 28. Qxf6 Bxf6 29. Nxd6 Rf8 30. Bxb7 Be7 31. Nc8 Bd8 32. b4 Rxf4 33. Nxa7 Rf7 34. Nc6 Bf6 35. Na5 Bd8 36. Bd5 Rg7+ 37. Kf1 Bxa5 38. bxa5 Ra7 39. Bc6 Rxa5 40. a4 Kg7 41. Kf2 Kf6 42. Bb5 Kf5 43. Kf3 Ra7 44. c5 Rc7 45. c6 Ra7 46. Kg3 Kg5 47. h3 Rc7 48. Kf3 Kf5 49. Kg3 Kg5 1/2-1/2

[Event "Quebec-ch qual"]
[Site "Gatineau"]
[Date "2010.04.06"]
[Round "5"]
[White "Groleau, Gilles"]
[Black "Arsenault, Michel"]
[Result "1-0"]
[WhiteElo "1982"]
[BlackElo "1840"]
[PlyCount "83"]
[EventDate "2010.03.09"]
[EventType "swiss"]
[EventRounds "5"]
[EventCountry "CAN"]
[SourceTitle "EXT 2011"]
[Source "ChessBase"]
[SourceDate "2010.11.26"]
[SourceVersion "1"]
[SourceVersionDate "2010.11.26"]
[SourceQuality "1"]

1. e4 g6 2. d4 Bg7 3. Nf3 d6 4. Nc3 c6 5. a4 a5 6. Be2 Qc7 7. 0-0 Nd7 8. Be3 Ngf6 9. h3 0-0 10. Qd2 Re8 11. Rfe1 e5 12. dxe5 dxe5 13. Rad1 Bf8 14. Bc4 Nc5 15. Bxc5 Bxc5 16. Ng5 Rf8 17. Nf3 Kg7 18. Bb3 Nh5 19. Kh1 Qb6 20. g4 Bxf2 21. gxh5 Bxe1 22. h6+ Kh8 23. Qd6 Be6 24. Bxe6 Bxc3 25. bxc3 Rad8 26. Qxe5+ f6 27. Rxd8 Qxd8 28. Qd4 Qxd4 29. cxd4 b5 30. axb5 cxb5 31. d5 a4 32. Nd4 b4 33. d6 a3 34. Nc6 g5 35. d7 g4 36. d8Q Rxd8 37. Nxd8 f5 38. exf5 b3 39. Bxb3 a2 40. Bxa2 gxh3 41. Nf7+ Kg8 42. Kh2 1-0

[Event "Quebec-ch qual"]
[Site "Gatineau"]
[Date "2010.03.30"]
[Round "4"]
[White "Arsenault, Michel"]
[Black "Lavergne, Daniel"]
[Result "1-0"]
[WhiteElo "1840"]
[BlackElo "1538"]
[PlyCount "59"]
[EventDate "2010.03.09"]
[EventType "swiss"]
[EventRounds "5"]
[EventCountry "CAN"]
[SourceTitle "EXT 2011"]
[Source "ChessBase"]
[SourceDate "2010.11.26"]
[SourceVersion "1"]
[SourceVersionDate "2010.11.26"]
[SourceQuality "1"]

1. c4 g6 2. g3 Bg7 3. Bg2 d6 4. Nc3 Nc6 5. d3 e5 6. Nf3 Nge7 7. 0-0 0-0 8. Nd5 Nxd5 9. cxd5 Ne7 10. Qb3 c6 11. dxc6 bxc6 12. Bg5 Qc7 13. Bxe7 Qxe7 14. Nd2 Bd7 15. Qa3 Rab8 16. Nc4 e4 17. Qxa7 d5 18. Nb6 Qc5 19. Qxd7 Qxb6 20. dxe4 Bxb2 21. Rad1 Rfd8 22. Qg4 d4 23. Rd3 Bc3 24. e3 Qa6 25. Rfd1 Qxa2 26. exd4 Rb1 27. Rxc3 Qa1 28. Rcd3 c5 29. Rxb1 Qxb1+ 30. Rd1 1-0

[Event "Gatineau Maisonneuve Memorial"]
[Site "Gatineau"]
[Date "2009.11.03"]
[Round "4"]
[White "Arsenault, Michel"]
[Black "Desjardins, Michel"]
[Result "0-1"]
[WhiteElo "1923"]
[BlackElo "1900"]
[PlyCount "120"]
[EventDate "2009.10.13"]
[EventType "swiss"]
[EventRounds "5"]
[EventCountry "CAN"]
[SourceTitle "EXT 2011"]
[Source "ChessBase"]
[SourceDate "2010.11.26"]
[SourceVersion "1"]
[SourceVersionDate "2010.11.26"]
[SourceQuality "1"]

1. Nf3 d5 2. c4 d4 3. g3 g6 4. Bg2 Bg7 5. d3 c5 6. b4 cxb4 7. 0-0 Nc6 8. a3 bxa3 9. Bxa3 Nh6 10. Nbd2 0-0 11. Qa4 Bd7 12. Rab1 Rb8 13. Rb2 Re8 14. Rfb1 b6 15. Ne1 Qc7 16. Qd1 Na5 17. Nc2 Ba4 18. Qc1 Bxc2 19. Qxc2 Rec8 20. Ne4 Bf8 21. Bh3 e6 22. Bxf8 Kxf8 23. Qd2 Kg7 24. c5 Nc6 25. Qg5 Ng8 26. f4 h6 27. Qh4 bxc5 28. Nxc5 Rxb2 29. Rxb2 Nce7 30. Rc2 Qa5 31. Nxe6+ fxe6 32. Rxc8 Nxc8 33. f5 exf5 34. Qxd4+ Nf6 35. e4 Qb6 36. Qxb6 Nxb6 37. exf5 g5 38. Kf2 a5 39. Ke1 g4 40. Bf1 Nfd5 41. Be2 Ne3 42. Kd2 Nbd5 43. h3 gxh3 44. Bf3 Kf6 45. g4 Ke5 46. Kc1 Ng2 47. Kb2 Ndf4 48. d4+ Kxd4 49. f6 Ke5 50. f7 Ng6 51. Kb3 Kf4 52. Bd5 Kg3 53. Ka4 h2 54. Kxa5 h1Q 55. Kb6 Qc1 56. Bc6 Kxg4 57. Kc7 h5 58. Kd7 Qxc6+ 59. Kxc6 h4 60. Kd6 h3 0-1

[Event "LSS CP-2009-P-00038"]
[Site "LSS email"]
[Date "2009.09.27"]
[Round "?"]
[White "Arsenault, Michel"]
[Black "Buzas, Gyula"]
[Result "0-1"]
[WhiteElo "2100"]
[BlackElo "2299"]
[PlyCount "74"]
[EventDate "2009.10.01"]
[EventType "tourn (corr)"]
[EventRounds "6"]
[EventCountry "GER"]
[SourceTitle "Telechess CBM 137"]
[Source "ChessBase"]
[SourceDate "2010.07.15"]
[SourceVersion "1"]
[SourceVersionDate "2010.07.15"]
[SourceQuality "1"]

1. c4 Nf6 2. g3 e5 3. Bg2 Nc6 4. Nc3 g6 5. e3 Bg7 6. Nge2 d6 7. d4 0-0 8. 0-0 exd4 9. exd4 Re8 10. h3 Ne7 11. g4 h5 12. f3 d5 13. c5 b6 14. Bg5 bxc5 15. dxc5 Rb8 16. Rb1 Nh7 17. Bh4 d4 18. Ne4 d3 19. N2c3 f5 20. gxf5 gxf5 21. Nd2 f4 22. Nde4 Qd7 23. Bxe7 Rxe7 24. b4 Bd4+ 25. Kh1 Rg7 26. Qb3+ Kf8 27. Qd5 Nf6 28. Nxf6 Bxf6 29. Qxd7 Rxd7 30. Ne4 Bd4 31. Rfd1 Be3 32. Nd2 Rd4 33. a3 Bf5 34. Bf1 Ke7 35. Rb3 Rg8 36. Bg2 Bxd2 37. Rxd2 Rc4 0-1

[Event "Gatineau Fischer Memorial"]
[Site "Gatineau"]
[Date "2009.02.17"]
[Round "5"]
[White "Cossette, Daniel"]
[Black "Arsenault, Michel"]
[Result "0-1"]
[WhiteElo "2063"]
[BlackElo "1974"]
[PlyCount "150"]
[EventDate "2009.01.20"]
[EventType "swiss"]
[EventRounds "6"]
[EventCountry "CAN"]
[SourceTitle "EXT 2011"]
[Source "ChessBase"]
[SourceDate "2010.11.26"]
[SourceVersion "1"]
[SourceVersionDate "2010.11.26"]
[SourceQuality "1"]

1. e4 c5 2. d4 cxd4 3. c3 dxc3 4. Nxc3 Nc6 5. Nf3 d6 6. Bc4 e6 7. 0-0 Be7 8. Qe2 Bd7 9. Rd1 a6 10. h3 b5 11. Bb3 Na5 12. Bc2 Rc8 13. Bf4 e5 14. Bc1 Qc7 15. Bd3 Nf6 16. Bg5 Be6 17. Rac1 Qb8 18. Bxf6 Bxf6 19. Bb1 0-0 20. Qd2 Nc4 21. Qe2 Nb6 22. b3 Rc6 23. Nd5 Rxc1 24. Rxc1 Rc8 25. Rxc8+ Nxc8 26. Qc2 Ne7 27. g4 h6 28. Ne1 Qc8 29. Nxf6+ gxf6 30. Qd2 Kg7 31. Nc2 Qc5 32. Ne3 Ng6 33. Bd3 Nf4 34. Bf1 Qc6 35. Qc2 Qxc2 36. Nxc2 d5 37. exd5 Nxd5 38. a4 bxa4 39. bxa4 a5 40. Na3 Nb6 41. Bb5 Bb3 42. f3 Kf8 43. Kf2 Ke7 44. Ke3 Kd6 45. f4 Nxa4 46. fxe5+ fxe5 47. Bxa4 Bxa4 48. Nc4+ Kc5 49. Nxa5 Bd1 50. Nb7+ Kd5 51. Nd8 f6 52. Nf7 h5 53. Nh6 hxg4 54. hxg4 Bc2 55. Nf7 Bd1 56. g5 Bh5 57. Nh6 fxg5 58. Nf5 Bd1 59. Ng3 g4 60. Nf5 Ba4 61. Ng3 Bb5 62. Nf5 Ba6 63. Ng3 Bb7 64. Nf5 Ke6 65. Ng3 Kf6 66. Kf2 Kg5 67. Ke3 Bf3 68. Nf1 Kh4 69. Kf2 Kh3 70. Ng3 Bc6 71. Nf5 Kh2 72. Ng3 Bb5 73. Nf5 e4 74. Nh4 g3+ 75. Ke3 Bc6 0-1

[Event "Gatineau Fischer Memorial"]
[Site "Gatineau"]
[Date "2009.01.27"]
[Round "2"]
[White "Arsenault, Michel"]
[Black "MacIsaac, Alexandre"]
[Result "1-0"]
[WhiteElo "1974"]
[BlackElo "1452"]
[PlyCount "57"]
[EventDate "2009.01.20"]
[EventType "swiss"]
[EventRounds "6"]
[EventCountry "CAN"]
[SourceTitle "EXT 2011"]
[Source "ChessBase"]
[SourceDate "2010.11.26"]
[SourceVersion "1"]
[SourceVersionDate "2010.11.26"]
[SourceQuality "1"]

1. e4 c5 2. Nf3 d6 3. d4 cxd4 4. Nxd4 Nf6 5. Nc3 g6 6. Be3 Bg7 7. f3 0-0 8. Bc4 Nc6 9. Qd2 Bd7 10. 0-0-0 Rc8 11. Bb3 Ne5 12. h4 Nc4 13. Bxc4 Rxc4 14. Kb1 Re8 15. g4 Qa5 16. h5 Rec8 17. Nde2 b5 18. hxg6 hxg6 19. Bh6 Bh8 20. Bf8 Nh5 21. Rxh5 gxh5 22. Bxe7 f6 23. Qd5+ Kg7 24. gxh5 Kh6 25. Rg1 Be8 26. Bf8+ Bg7 27. Qd2+ Kxh5 28. Nf4+ Kh6 29. Qh2+ 1-0

[Event "Gatineau Maisonneuve Memorial"]
[Site "Gatineau"]
[Date "2008.11.18"]
[Round "5"]
[White "Laurin, Jacques"]
[Black "Arsenault, Michel"]
[Result "0-1"]
[WhiteElo "1834"]
[BlackElo "1989"]
[PlyCount "56"]
[EventDate "2008.10.21"]
[EventType "swiss"]
[EventRounds "5"]
[EventCountry "CAN"]
[SourceTitle "EXT 2011"]
[Source "ChessBase"]
[SourceDate "2010.11.26"]
[SourceVersion "1"]
[SourceVersionDate "2010.11.26"]
[SourceQuality "1"]

1. c4 c5 2. Nc3 Nc6 3. g3 g6 4. Bg2 Bg7 5. e3 e5 6. Nge2 Nge7 7. 0-0 0-0 8. Nb5 d6 9. b3 Be6 10. d4 exd4 11. exd4 a6 12. Nxd6 Qxd6 13. Bf4 Qd8 14. dxc5 Bxa1 15. Qxa1 f6 16. Bh6 Rf7 17. Rd1 Qc8 18. Nc3 Nf5 19. Bf4 g5 20. Bd6 Nxd6 21. cxd6 Qf8 22. Nd5 Kg7 23. Nc7 Rxc7 24. dxc7 Rc8 25. Bd5 Qf7 26. Re1 Bxd5 27. cxd5 Qxd5 28. Rd1 Qf5 0-1